00970nam a2200169Ia 4500001001300000003001000013008004100023040002500064041000700089100001900096245002600115250001100141260002100152300001200173500057700185650003800762a1391-34515 IT-MiCISF161014s9999||||xx |||||||||||||| ||und|| aIT-MiCISFcIT-MiCISF ait aCarlotti Paolo 0aQuestioni di bioetica a1a ed. a RomabLasc2001 app. 160 a / bioetica, procreazione-artificiale, clonazione, contraccezione / L'avanzamento della ricerca biomedica ha messo a disposizione una serie di nuovi strumenti e pratiche riguardanti la nascita, la morte, la cura. I saggi contenuti in questo volume rielaborano alcune delle lezioni tenute da studiosi provenienti da tutta Italia al Corso di perfezionamento in bioetica dell'Università La Sapienza, che spaziano dai problemi riguardanti i settori più avanzati della ricerca scientifica a quelli più quotidiani, con i quali ci confrontiamo sempre più frequentemente.  a Temi di bioetica / bioeticae011